Liều lượng học và sự bảo vệ chống bức xạ ion hoá

Các phương pháp đo liều lượng bức xạ ion hoá, độ phóng xạ của các son khí và khí, các mức chiếu xạ được phép giới hạn; Một số phương pháp đơn giản tính toán lớp bảo vệ chống bức xạ ion hoá

محفوظ في:
التفاصيل البيبلوغرافية
المؤلف الرئيسي: Golubev, B.P.
مؤلفون آخرون: Trần Đại Nghiệp (Dịch), Nguyễn Thành Minh (Dịch)
التنسيق: كتاب
اللغة:Vietnamese
منشور في: H. Khoa học và kỹ thuật 1984
الموضوعات:
الوسوم: إضافة وسم
لا توجد وسوم, كن أول من يضع وسما على هذه التسجيلة!
Thư viện lưu trữ: Mạng thư viện Đại học Đà Nẵng
LEADER 01548nam a2200385 4500
001 000008625
003 4817
005 20111019151021.0
008 111019s1984 viesd
020 |c 14đ 
041 0 |a vie 
082 |a 541.3722  |b GO-B 
100 0 |a Golubev, B.P. 
245 0 |a Liều lượng học và sự bảo vệ chống bức xạ ion hoá  |c B.P. Golubev ; Dịch: Trần Đại Nghiệp, Nguyễn Thành Minh 
260 |a H.  |b Khoa học và kỹ thuật  |c 1984 
300 |a 272tr : hình vẽ  |c 19 cm 
500 |a Dịch từ bản tiếng Nga 
520 |a Các phương pháp đo liều lượng bức xạ ion hoá, độ phóng xạ của các son khí và khí, các mức chiếu xạ được phép giới hạn; Một số phương pháp đơn giản tính toán lớp bảo vệ chống bức xạ ion hoá 
653 |a Liều lượng học 
653 |a Ion hóa 
653 |a hóa học 
653 |a bức xạ 
700 |a Trần Đại Nghiệp  |e Dịch 
700 |a Nguyễn Thành Minh  |e Dịch 
910 |a MPhuong  |d 19/10 
OWN |a LSP 
AVA |a UDN50  |b LSP  |d 541.3722 GO-B  |e unavailable  |t Error 5002 Not defined in file expand_doc_bib_avail.  |f 1  |g 1  |h N  |i 0  |k 1 
999 |a From the UDN01 
AVA |a UDN50  |b LSP  |d 541.3722 GO-B  |e unavailable  |t Error 5002 Not defined in file expand_doc_bib_avail.  |f 1  |g 1  |h N  |i 0  |k 1 
TYP |a Monograph 
TYP |a Printed language 
980 |a Mạng thư viện Đại học Đà Nẵng